00505nam a2200145 a 4500041000800000100002300008245013700031260002500168300001100193650003200204650002300236650004100259700003100300700002800331 aspa aAlzate, Adriana M. aPrimera aproximación a los avances en el proceso de implementación del eje conocer de la política nacional sobre biodiversidad aBogotábIAVHc2009 a152 p. aPolítica de biodiversidad aPlanes de acción aPolítica nacional de biodiversidad aCalderón, María José aHernández, Verónica